Fratries ayant régné sur la France. - Statistiques

Statistiques générales
  • Ce quiz a été pris 84 fois
  • Le résultat moyen est 10 sur 14
Statistiques - réponses
Réponse % Correct
Louis XVI
92%
Henri III
89%
Louis X
89%
Louis XVIII
87%
Charles X
86%
Charles IX
81%
François II
80%
Philippe V
80%
Charles IV
73%
Louis III
68%
Charles III
63%
Robert Ier
52%
Eudes
43%
Carloman II
28%
Aucun quiz correspondant
Distribution des résultats
% des personnes avec chaque résultat
Percentile par nombre de réponses
Votre historique - résultats
Vous n’avez pas pris ce quiz